Law of the Sea in our Time - II The United Nations Seabed Committee1968-73 (Record no. 1190201)

MARC details
000 -LEADER
fixed length control field 00690nam a2200241Ia 4500
003 - CONTROL NUMBER IDENTIFIER
control field OSt
005 - DATE AND TIME OF LATEST TRANSACTION
control field 20221007110222.0
008 - FIXED-LENGTH DATA ELEMENTS--GENERAL INFORMATION
fixed length control field 221006b |||||||| |||| 00| 0 eng d
037 ## - SOURCE OF ACQUISITION
Terms of availability Textual
040 ## - CATALOGING SOURCE
Original cataloging agency LCO
Transcribing agency LCO
Language of cataloging eng
041 ## - LANGUAGE CODE
Source of code eng
Language code of text/sound track or separate title eng
100 ## - MAIN ENTRY--PERSONAL NAME
Personal name Oda Shigeru
245 #0 - TITLE STATEMENT
Title Law of the Sea in our Time - II The United Nations Seabed Committee1968-73
260 ## - PUBLICATION, DISTRIBUTION, ETC.
Place of publication, distribution, etc. Leyden
Name of publisher, distributor, etc. A.W.Sijthoff International Publishing Company Netherland
Date of publication, distribution, etc. 1977
300 ## - PHYSICAL DESCRIPTION
Extent 332
650 ## - SUBJECT ADDED ENTRY--TOPICAL TERM
Topical term or geographic name entry element LAW OF SEA
9 (RLIN) 682969
942 ## - ADDED ENTRY ELEMENTS (KOHA)
Classification part Z1,215, L7
Koha item type Textual
Holdings
Withdrawn status Lost status Damaged status Not for loan Home library Current library Date acquired Total Checkouts Full call number Barcode Date last seen Price effective from Koha item type
        Law Centre-I Library Law Centre-I Library 2022-10-07   Z1,215 L7 LO0010871 2022-10-07 2022-10-07 Textual
Copyright @ Delhi University Library System